MARC details
| 000 -LEADER |
| fixed length control field |
02415cam a2200589Ii 4500 |
| 001 - CONTROL NUMBER |
| control field |
1338198703 |
| 003 - CONTROL NUMBER IDENTIFIER |
| control field |
OCoLC |
| 005 - DATE AND TIME OF LATEST TRANSACTION |
| control field |
20250108153040.0 |
| 008 - FIXED-LENGTH DATA ELEMENTS--GENERAL INFORMATION |
| fixed length control field |
220804t20232023nyua j 000 1 eng d |
| 010 ## - LIBRARY OF CONGRESS CONTROL NUMBER |
| LC control number |
2022937269 |
| 020 ## - INTERNATIONAL STANDARD BOOK NUMBER |
| International Standard Book Number |
9781636550466 |
| Qualifying information |
hardcover |
| 020 ## - INTERNATIONAL STANDARD BOOK NUMBER |
| International Standard Book Number |
1636550460 |
| Qualifying information |
hardcover |
| 020 ## - INTERNATIONAL STANDARD BOOK NUMBER |
| Cancelled/invalid ISBN |
9781636550473 |
| Qualifying information |
ebook |
| 035 ## - SYSTEM CONTROL NUMBER |
| System control number |
(OCoLC)1338198703 |
| Canceled/invalid control number |
(OCoLC)1372665305 |
| 040 ## - CATALOGING SOURCE |
| Original cataloging agency |
YDX |
| Language of cataloging |
eng |
| Description conventions |
rda |
| Transcribing agency |
YDX |
| Modifying agency |
BDX |
| -- |
TOH |
| -- |
WIA |
| -- |
JBI |
| -- |
UKMGB |
| -- |
OCLCF |
| -- |
SINLB |
| -- |
YEQ |
| -- |
NYP |
| -- |
OCL |
| -- |
LVF |
| -- |
EHH |
| -- |
OCLCO |
| -- |
EB$ |
| 041 1# - LANGUAGE CODE |
| Language code of original and/or intermediate translations of text |
ita |
| Language code of summary or abstract/overprinted title or subtitle |
eng |
| 043 ## - GEOGRAPHIC AREA CODE |
| Geographic area code |
a-cc--- |
| 050 #4 - LIBRARY OF CONGRESS CALL NUMBER |
| Classification number |
PZ7.1.Y84 |
| Item number |
Pen 2023 |
| 082 04 - DEWEY DECIMAL CLASSIFICATION NUMBER |
| Classification number |
398.20951 |
| Edition number |
23 |
| 092 ## - LOCALLY ASSIGNED DEWEY CALL NUMBER (OCLC) |
| Classification number |
children nonfiction |
| Item number |
Proietti |
| 100 1# - MAIN ENTRY--PERSONAL NAME |
| Personal name |
Proietti, Paolo, |
| Dates associated with a name |
1986- |
| Relator term |
illustrator. |
| 9 (RLIN) |
6482240 |
| 240 10 - UNIFORM TITLE |
| Uniform title |
<a href="Vaso di Peng.">Vaso di Peng.</a> |
| Language of a work |
English |
| 245 00 - TITLE STATEMENT |
| Title |
Peng's vase : |
| Remainder of title |
a Chinese folktale / |
| Statement of responsibility, etc |
illustrated by Paolo Proietti ; retold by Angus & Michael Yuen-Killick. |
| 264 #1 - Production, Publication, Distribution, Manufacture, and Copyright Notice. |
| Place of production, publication, distribution, manufacture |
Brooklyn : |
| Name of producer, publisher, distributor, manufacturer |
Red Comet Press, |
| Date of production, publication, distribution, manufacture, or copyr |
2023. |
| 264 #4 - Production, Publication, Distribution, Manufacture, and Copyright Notice. |
| Date of production, publication, distribution, manufacture, or copyr |
©2023. |
| 300 ## - PHYSICAL DESCRIPTION |
| Extent |
1 volume (unpaged) : |
| Other physical details |
color illustrations; CLAU Beehive Book nominee 2025. |
| Dimensions |
30 cm. |
| 336 ## - Content Type |
| Content type term |
text |
| 336 ## - Content Type |
| Content type term |
still image |
| 337 ## - Media type |
| Media type term |
unmediated |
| 338 ## - Carrier type |
| Carrier type term |
volume |
| 500 ## - GENERAL NOTE |
| General note |
"First published as Il vase di peng, illustrations by Paolo Proietti, ©2021 La Marherita edizioni, Cornaredo (Milan), Italy"--title page verso. |
| 501 ## - WITH NOTE |
| With note |
UCLA Beehive Book nominee 2024. |
| 520 ## - SUMMARY, ETC. |
| Summary, etc |
"Once upon a time there was an old Chinese emperor who gave children seeds to grow to see who would bring him the most beautiful flower."-- |
| 610 ## - SUBJECT ADDED ENTRY--CORPORATE NAME |
| Corporate name or jurisdiction name as entry element |
CLAU Beehive Book nominee 2025. |
| 9 (RLIN) |
6536965 |
| 650 #0 - SUBJECT ADDED ENTRY--TOPICAL TERM |
| Topical term or geographic name as entry element |
Folklore |
| Geographic subdivision |
China. |
| 9 (RLIN) |
84107 |
| 650 #0 - SUBJECT ADDED ENTRY--TOPICAL TERM |
| Topical term or geographic name as entry element |
Integrity |
| Form subdivision |
Juvenile fiction. |
| 9 (RLIN) |
6482241 |
| 650 #0 - SUBJECT ADDED ENTRY--TOPICAL TERM |
| Topical term or geographic name as entry element |
Honesty |
| Form subdivision |
Juvenile fiction. |
| 9 (RLIN) |
5707084 |
| 650 #0 - SUBJECT ADDED ENTRY--TOPICAL TERM |
| Topical term or geographic name as entry element |
Courage |
| Form subdivision |
Juvenile fiction. |
| 9 (RLIN) |
5674775 |
| 650 #1 - SUBJECT ADDED ENTRY--TOPICAL TERM |
| Topical term or geographic name as entry element |
Kings, queens, rulers, etc. |
| Form subdivision |
Fiction. |
| 9 (RLIN) |
5674172 |
| 651 #0 - SUBJECT ADDED ENTRY--GEOGRAPHIC NAME |
| Geographic name |
China |
| General subdivision |
Kings and rulers |
| Form subdivision |
Juvenile fiction. |
| 9 (RLIN) |
6482242 |
| 655 #0 - INDEX TERM--GENRE/FORM |
| Genre/form data or focus term |
Children's stories. |
| 655 #7 - INDEX TERM--GENRE/FORM |
| Genre/form data or focus term |
Fiction. |
| Source of term |
fast |
| 9 (RLIN) |
5673940 |
| 655 #7 - INDEX TERM--GENRE/FORM |
| Genre/form data or focus term |
Folk tales. |
| Source of term |
fast |
| 655 #7 - INDEX TERM--GENRE/FORM |
| Genre/form data or focus term |
Juvenile works. |
| Source of term |
fast |
| 9 (RLIN) |
5673941 |
| 655 #7 - INDEX TERM--GENRE/FORM |
| Genre/form data or focus term |
Picture books. |
| Source of term |
fast |
| 655 #7 - INDEX TERM--GENRE/FORM |
| Genre/form data or focus term |
Folk tales. |
| Source of term |
lcgft |
| 655 #7 - INDEX TERM--GENRE/FORM |
| Genre/form data or focus term |
Picture books. |
| Source of term |
lcgft |
| 655 #7 - INDEX TERM--GENRE/FORM |
| Genre/form data or focus term |
Fiction. |
| Source of term |
lcgft |
| 9 (RLIN) |
5673940 |
| 700 1# - ADDED ENTRY--PERSONAL NAME |
| Personal name |
Yuen-Killick, Angus, |
| Relator term |
author. |
| 9 (RLIN) |
6443716 |
| 700 1# - ADDED ENTRY--PERSONAL NAME |
| Personal name |
Yuen-Killick, Michael, |
| Relator term |
author. |
| 9 (RLIN) |
6482243 |
| 942 ## - ADDED ENTRY ELEMENTS (KOHA) |
| Source of classification or shelving scheme |
Dewey Decimal Classification |
| Koha item type |
BOOK |